书目信息 |
| 题名: |
恐怖周末
|
|
| 作者: | 科顿 著 ;连玉泉 译 | |
| 分册: | ||
| 出版信息: | 北京 群众出版社 2005.01 |
|
| 页数: | 145页 | |
| 开本: | 20cm | |
| 丛书名: | 当代西方侦探小说 | |
| 单 册: | ||
| 中图分类: | I516.45 | |
| 科图分类: | ||
| 主题词: | 侦探小说--zhen tan xiao shuo--德国--现代 , 中篇小说--zhong pian xiao shuo--德国--现代 | |
| 电子资源: | ||
| ISBN: | 7-5014-3285-6 | |
| 000 | 01203nam 2200313 450 | |
| 001 | 012007071265 | |
| 005 | 20071009091638.21 | |
| 010 | @a7-5014-3285-6@dCNY11.00 | |
| 100 | @a20070726d2005 km y0chiy0120 ea | |
| 101 | 1 | @achi@cger |
| 102 | @aCN@b110000 | |
| 105 | @ay z 000ay | |
| 200 | 1 | @a恐怖周末@Akong bu zhou mo@f连玉泉译@Flian yu quan yi |
| 210 | @a北京@c群众出版社@d2005.01 | |
| 215 | @a145页@d20cm | |
| 225 | 2 | @a当代西方侦探小说@Adang dai xi fang zhen tan xiao shuo@i神探科顿系列侦探小说 |
| 306 | @a据Bastei Verlag1996年德文版译出。 | |
| 312 | @a德文并列题名取自版权页。 | |
| 314 | @a责任者取自版权页。 | |
| 330 | @a本书的内容是:在一个周末,纽约连续发生几起重大刑事案件,二十几人被杀,其中大部分是黑社会成员。警方投入大量警力进行调查,却发现在这一系列重大刑事案件背后还隐藏着更大的阴谋…… | |
| 410 | 0 | @12001 @a当代西方侦探小说@i神探科顿系列侦探小说 |
| 500 | 10 | @aDas horror-weekend@mChinese |
| 606 | 0 | @a侦探小说@Azhen tan xiao shuo@y德国@z现代 |
| 606 | 0 | @a中篇小说@Azhong pian xiao shuo@y德国@z现代 |
| 690 | @aI516.45@v4 | |
| 701 | 1 | @a科顿@Ake dun@g(Cotton, Jerry)@4著 |
| 702 | 0 | @a连玉泉@Alian yu quan@4译 |
| 801 | 0 | @aCN@c20071009 |
| 905 | @dI516.45@eK485 | |
| 恐怖周末/连玉泉译.-北京:群众出版社,2005.01 |
| 145页;20cm.-(当代西方侦探小说.神探科顿系列侦探小说) |
| ISBN 7-5014-3285-6:CNY11.00 |
| 本书的内容是:在一个周末,纽约连续发生几起重大刑事案件,二十几人被杀,其中大部分是黑社会成员。警方投入大量警力进行调查,却发现在这一系列重大刑事案件背后还隐藏着更大的阴谋…… |
| ● |
| 相关链接 |
|
|
|
正题名:恐怖周末
索取号:I516.45/K485
 
预约/预借
| 序号 | 登录号 | 条形码 | 馆藏地/架位号 | 状态 | 备注 |
| 1 | 250150 | 202501505 | 社科二线422/116文学库 17排6列3层/ [索取号:I516.45/K485] | 在馆 | |
| 2 | 250151 | 202501514 | 文学库116/116文学库 17排6列3层/ [索取号:I516.45/K485] | 在馆 | |
| 3 | 250152 | 202501523 | 文学库116/116文学库 17排6列3层/ [索取号:I516.45/K485] | 在馆 |